Giải tích hàm một biến

Bewaard in:
Bibliografische gegevens
Formaat: Boek
Taal:Undetermined
Gepubliceerd in: Hà Nội Giáo dục
Onderwerpen:
Tags: Voeg label toe
Geen labels, Wees de eerste die dit record labelt!
Thư viện lưu trữ: Trung tâm Học liệu Trường Đại học Cần Thơ
LEADER 00493nam a2200169Ia 4500
001 CTU_63033
008 210402s9999 xx 000 0 und d
020 |b 11900 
082 |a 515.8 
082 |b Gi103 
245 0 |a Giải tích hàm một biến 
245 0 |c Đinh Ngọc Thanh ... [et al.] 
260 |a Hà Nội 
260 |b Giáo dục 
650 |a Functions of real variables 
904 |i Minh (Nguyên sửa) 
980 |a Trung tâm Học liệu Trường Đại học Cần Thơ